000 00650nam a2200193Ii 4500
003 JO-AjNU
008 230605s9999||||xx |||||||||||||| ||und||
040 _aJO-AjNU
_bara
_erda
_cJO-AjNU
041 _aara
050 1 4 _aT58.6.M84 2009
100 3 _aملوخية ، احمد فوزي,
_eauthor
_932231
245 0 0 _aنظم المعلومات الادارية
264 3 1 _aالاسكندرية:مركز الاسكندرية ، 2009
300 _a306ص
336 _atext
_btxt
_2rdacontent
337 _aunmediated
_bn
_2rdamedia
338 _avolume
_bnc
_2rdacarrier
650 4 _aنظم المعلومات الادارية -ادارة
_932232
999 _aA12986
_c16554
_d16554